| 000 | 00525nam a2200217 a 4500 | ||
|---|---|---|---|
| 001 | 10864 | ||
| 003 | CO-ViMGA | ||
| 008 | 141112s2004 ck r 000 u spa d | ||
| 040 |
_aCO-ViMGA _bspa _cCO-ViMGA |
||
| 082 | 0 | 4 | _a160 K15c2 |
| 100 | 1 |
_aManuel _914858 |
|
| 245 | 1 | 0 | _aCrítica del juicio |
| 250 | _a6 | ||
| 260 |
_aMadrid, _cEspasa Calpe, _c1995 |
||
| 300 | _a487 p. | ||
| 490 | _aColección Austral | ||
| 500 | _aFecha : 1995 | ||
| 650 | 1 | 4 |
_aESTética _914859 |
| 650 | 1 | 4 |
_aJUICIO LOGICO _914860 |
| 942 |
_2ddc _cBK |
||
| 999 |
_c22084 _d22084 |
||